000 00375nam a22001457a 4500
003 OSt
005 20160727222420.0
008 160627b xxu||||| |||| 00| 0 eng d
040 _cTEST
100 _91251
_aRohan Book Company
245 _aThings you want to Know Science
260 _aDELHI
_bR.B.COMPANY
_c2001
300 _aThings you want to Know Science
942 _2ddc
_cBK
999 _c1025
_d1025